[Event "GRE-chT 32nd"]
[Site "Kallithea"]
[Date "2003.07.07"]
[Round "4"]
[White "Macieja, Bartlomiej"]
[Black "Spasov, Vasil"]
[Result "1/2-1/2"]
[WhiteElo "2627"]
[BlackElo "2556"]
[Annotator "Macieja,B"]
[PlyCount "147"]
[EventDate "2003.07.04"]
[EventType "team-tourn"]
[EventRounds "9"]
[EventCountry "GRE"]
[SourceTitle "CBM 095 Extra"]
[Source "ChessBase"]
[SourceDate "2003.09.04"]
[SourceVersion "1"]
[SourceVersionDate "2003.09.04"]
[SourceQuality "1"]

1. e4 e6 {The first surprise. Usually Spasov plays Sicilian or Pirc Defense} 2.
d4 d5 3. Nc3 dxe4 4. Nxe4 Nd7 5. Nf3 Ngf6 6. Bd3 Nxe4 7. Bxe4 Nf6 8. Bg5 Qd6 ({
The main move is} 8... Be7 {, which leads after} 9. Bxf6 Bxf6 {to a slightly
better for white position due to a very passive Bc8.}) 9. Bxf6 gxf6 10. O-O Bg7
({A few weeks earlier in European Championship in Istanbul Spasov played
against a young Russian grandmaster Alekseev} 10... Bd7 {and got a good
position, though eventually he lost that game. I believe Spasov thought I had
prepared an improvement for white, so chose with me another plan.}) 11. c3 $1 {
Black has a pair of bishops, but both of them are passive. In the future he
will be forced to play f5, trying to open Bg7 and in that moment white will
have to play Ne5 followed by f4 if he wants to fight for an advantage. In this
case a bishop will be better placed on c2 than d3, because it will not disturb
rooks in taking control over d file.} O-O 12. Qe2 {In these kind of positions
it is always the best square for a queen.} f5 13. Bc2 b6 (13... c5 $5 {
deserved attention, not to let white put a knight on e5.}) 14. Ne5 $1 c5 15. f4
$1 {Now Bg7 is strongly limited by white's knight and it will never be
possible to change pieces on e5, due to a very weak position of black's king.}
Bb7 (15... cxd4 16. Rad1 Qc5 17. Rxd4 Rd8 18. Rfd1 Bb7 {would lead to the same
position as in the game.}) 16. Rad1 cxd4 ({Rather forced as after} 16... Rad8 {
very unpleasant was} 17. d5 $1 exd5 18. Bxf5 $16) 17. Rxd4 Qc5 18. Rfd1 Rad8
19. Kf1 $1 ({My original plan was to play} 19. Qf2 Rxd4 20. Qxd4 {, but then
black would be able to change not only queens, but also rooks:} (20. Rxd4 $2
Bxe5 21. fxe5 Qxe5) 20... Rd8 $1 21. Qxc5 Rxd1+ 22. Bxd1 bxc5 {with drawn
endgame.}) 19... Qc8 $5 {Spasov is trying to fight for the only open file. If
he lose this battle, white's attack starting with g4 will be unstoppable.} (
19... Rxd4 20. Rxd4 {would lead to the position from the game.}) 20. Qh5 $1 {
Now black cannot change both rooks and he has to give d file.} Rxd4 21. Rxd4
Qc5 {With the idea of Bxe5 or Qb5+.} 22. Qe2 $1 {There is n o reason to hurry.
This prophilactic move makes black's position difficult. White can slowly
prepare g4 by going with his king to queen's side and also by playing h3.} Qc8
{An interesting decision. Spasov understood very well, that he couldn't waste
time and had to change rooks as soon as possible. Additionally his last move
created a possible threat of Ba6.} 23. g4 $3 ({Obviously} 23. Qh5 {would lead
to repetition of moves after} Qc5 {, but a draw was not what I wanted to gain
in that game. An attack on black's king has started!}) 23... Rd8 {Played after
a long thought. Spasov decided to give a pawn for a possibility of reducing
material and stopping in this way white's attack.} 24. Rxd8+ Qxd8 25. gxf5 Qh4
({After} 25... Qd5 {I was going to play} 26. Ke1 $1 $16 {and if} (26. fxe6 $2
Qh1+ 27. Kf2 Qxh2+ $11) 26... Qxa2 {then} 27. f6 $3 Qa1+ 28. Kd2 Bxf6 29. Bxh7+
$1 Kf8 30. Nd7+ Ke7 31. Nxf6 Qxb2+ 32. Bc2 Kxf6 33. Qe5+ Ke7 34. Qc7+ $18) 26.
Qf2 $1 {I had an impression that Spasov had underestimated that move. Probably
he calculated} (26. Qg4 Ba6+ $1 ({Possible was also} 26... Qxg4 27. Nxg4 exf5
28. Bxf5 h5 $1 29. Nf2 Bh6 {with excellent draw chances, for instance} 30. Nd3
Ba6 $11) 27. Kg2 Bb7+ $11) 26... Qh3+ {Now the previously mentioned line
doesn't work, as after} (26... Qxf2+ 27. Kxf2 exf5 28. Bxf5 Bh6 {white can
defend f4 pawn with a king} 29. Ke3 $18) 27. Ke1 exf5 28. Qg3 $1 Qh6 ({
Probably the only practical chance, as the endgame appearing after} 28... Qxg3+
29. hxg3 {would be very tough.}) 29. Bb3 $1 {Another excellent move. f7 pawn
is much more important than f5 one.} Kf8 30. Nxf7 $18 {Now black's position is
completely lost, but...both players don't have much time left on a clock.} Qh5
(30... Qf6 31. Ng5 $18) 31. Ng5 (31. Nd8 $2 Bc8) 31... Bf6 32. Kd2 ({The
safest, but not the fastest. It was possible to win in 2 moves:} 32. Ne6+ Ke7 (
32... Ke8 33. Qg8+ $18) 33. Qd3 $1 $18) 32... Ba6 33. Bd1 (33. Kc1 $18) 33...
Qg6 34. Qg2 Be7 35. Kc2 (35. Bb3 Qd6+ 36. Ke1 $18) 35... Kg7 36. Ne6+ Kf7 37.
Ng5+ (37. Qd5 $3 Qxe6 38. Bh5+ Kf6 39. Qd4+ $18) 37... Kg7 38. h4 Qd6 $5 (38...
h6 39. h5 Qd6 40. Ne6+ $18) 39. Ne4+ Qg6 40. Ng5 Qd6 41. Qg3 Qd5 42. b3 h6 43.
Nf3+ Kf8 44. Ne5 Qe4+ 45. Kb2 Qh1 46. Bh5 (46. Qg6 {was finishing the game
immediately due to mate threats 47.Qf7 and 47.Nd7.}) 46... Bd6 47. Qf2 $2 ({Now
} 47. Qg6 $4 {doesn't work due to} Qh2+ 48. Kb1 Qh1+ 49. Kc2 Qh2+ (49... Qe4+
$4 50. Kb2 $18) 50. Kd1 Qh1+ 51. Kd2 Qh2+ $11) 47... Qf1 {White's position is
still easily won, but in a pernament 30-seconds circle every wonder can happen.
} 48. Qd2 (48. Qc2 $5 Ke7 49. Qxf5 Qf2+ 50. Qc2 Qxc2+ 51. Kxc2 Bxe5 52. fxe5
Ke6 53. Kd2 Kxe5 54. Ke3 $18) 48... Ke7 49. Bd1 $4 (49. Bf3 $1 Bxe5 50. Qe3 $18
) 49... Bxe5 50. fxe5 Qd3 $1 {The position is already drawn, as white is
unable to keep queens on a board!} 51. Qe1 $1 ({The last try. If} 51. Qxd3 Bxd3
52. c4 Ke6 53. Kc3 {then} Bb1 54. Kd4 Bxa2 $11) 51... Ke6 $4 (51... Qf1 $1 52.
Qd2 Qd3 53. Qc1 Qf1 $1 $11 {, for instance} 54. c4 Qe1 $1) 52. Bc2 (52. Qg1 $1
Qd2+ 53. Bc2 Bd3 54. Qg8+ Kxe5 55. Qh8+ $18) 52... Qe2 53. Qg3 Qg4 (53... Qxe5
54. Qg8+ $18) 54. Qe1 (54. Qe3 $1 Qxh4 55. Qf3 $1 $18) 54... Qe2 55. Qc1 $4 (
55. Qg3 Qxe5 (55... Qg4 56. Qe3 $1 $18) 56. Qg8+ $18) 55... Kxe5 56. Qxh6 Bd3
57. Qg7+ (57. Qh8+ Kf4 58. Qd4+ Be4 $11) 57... Kf4 ({Even easier a draw could
be achieved after} 57... Ke6 58. Qg6+ Ke7 59. Qg5+ Ke6 $11 {and if white tries
to play for a win} 60. Qc1 {, then after} f4 $1 61. Qd1 Qxc2+ 62. Qxc2 Bxc2 63.
Kxc2 Kf5 {he will have to change his mind.}) 58. Qg5+ Kf3 $8 (58... Ke5 $4 59.
Qg3+ $18) (58... Ke4 $4 59. Qe7+ Kf3 (59... Kf4 60. Qd6+ $18) 60. Qxe2+ $18)
59. Qh5+ Kf4 60. Qg5+ Kf3 61. Qh5+ Kf4 62. Qxe2 Bxe2 63. c4 Kg4 64. h5 (64. Kc3
$2 f4) 64... Kxh5 65. Bxf5 Kg5 $11 66. Bb1 Kf6 67. Kc3 Ke5 68. Kb4 Kd6 69. Kb5
Kc7 70. Bc2 Bf3 71. b4 Kb7 72. Ka4 Kc7 73. Kb3 Kd6 74. Kc3 1/2-1/2

[Event "Tashkent FIDE GP 2nd"]
[Site "Tashkent"]
[Date "2012.11.24"]
[Round "3"]
[White "Karjakin, Sergey"]
[Black "Wang, Hao"]
[Result "1/2-1/2"]
[WhiteElo "2775"]
[BlackElo "2737"]
[Annotator "Marin,M"]
[PlyCount "149"]
[EventDate "2012.11.22"]
[EventType "tourn"]
[EventRounds "11"]
[EventCountry "UZB"]
[EventCategory "20"]
[SourceTitle "CBM 152"]
[Source "ChessBase"]
[SourceDate "2013.01.15"]
[SourceVersion "1"]
[SourceVersionDate "2013.01.15"]
[SourceQuality "1"]

1. e4 e6 2. d4 d5 3. Nc3 dxe4 4. Nxe4 Nd7 5. Nf3 Ngf6 6. Bd3 Nxe4 7. Bxe4 Nf6
8. Bg5 Qd6 $5 {A rather risky way to step aside from the usual paths.} (8...
Be7 {is the normal continuation.}) 9. Bd3 {The most principled answer.
Enjoying the better development, White should not care too much about the
b2-pawn.} (9. Bxf6 gxf6 {does not pose Black big problems, for instance} 10.
Qe2 Bd7 11. O-O O-O-O 12. c3 f5 13. Bd3 Bg7 {Zhou Jianchao (2623)-Ni Hua (2692)
/JinZhou 2009/CBM 133 (1/2, 29)}) 9... Qb4+ 10. Bd2 {Again the most principled
reaction.} (10. Qd2 {is playable, though.} Qxd2+ ({Since Qd1-d2 is by far more
constructive than Bg5-d2, taking the pawn now is close to suicide.} 10... Qxb2
11. O-O Be7 12. Qf4 Qb6 13. Qg3 c5 14. Rab1 Qd8 15. dxc5 Bxc5 16. Rfd1 Qe7 17.
Bb5+ Kf8 18. Ne5 h6 19. Rd7 $1 Bxd7 20. Bxf6 $1 $18 {Alekseev,E (2716)
-Ismagambetov,A (2479) Khanty-Mansiysk 2007 (1-0, 25)}) 11. Bxd2 c5 12. O-O-O
Bd7 {with acceptable play for Black, Rublevsky,S (2655)-Kosic,D (2540) Budva
2002 (1-0, 26)}) 10... Qxb2 11. O-O Be7 {Now and on the next move, Black tries
to catch up in development, without moving with his queen. Soon, he will have
to do that, too.} (11... Qa3 12. Ne5 (12. Qe2 Qd6 13. c4 c5 14. Bc3 Be7 15. d5
$36 {Kosintseva,N (2560)-Zatonskih,A (2522)/Hangzhou 2011/CBM 144 (1-0, 44)})
12... Qd6 13. Be3 Be7 14. c4 c5 15. Bc2 O-O 16. Qd3 g6 17. Rad1 $44 {Kasparov,
G (2851)-Anand,V (2769)/Kopavogur 2000/EXT 2001 (1-0, 37)}) 12. c4 O-O $146 (
12... c5 13. d5 O-O 14. Re1 Bd7 15. Bf4 Rfe8 16. d6 $36 {Volokitin,A (2671)
-Levin,E (2456)/Dagomys 2009/CBM 130 (1-0, 28)}) 13. Re1 Qb6 14. Bc3 Qd6 15.
Ne5 {White is well ahead in development and enjoys the prospect of a massive
piece attack against the enemy king.} b5 $6 {Not the best solution, but it is
not simple to suggest a safe continuation.} (15... b6 $6 16. Qf3 $1 Bd7 17. g4
$5 $36 {Quite an unpleasant move with the d7-square unavailable.} Ba4 $2 {
Does not solve the problem:} 18. g5 Nd7 19. Nxf7 $1 Qa3 20. Bxh7+ $1 {mating.})
(15... c5 {helps White clear the long diagonal and get just another tempo for
his attack:} 16. dxc5 $5 Qxc5 17. Re3 $5) 16. c5 $1 (16. cxb5 a6 $5 {offers
Black enough play.}) 16... Qd5 17. Bxb5 Bb7 18. f3 Qd8 {Black has got the
d5-square for his pieces and made some progress in development. However, his
bishops are quite passive and there is no clear way to develop the queen and
connect the rooks.} 19. Nc6 $2 {This lets the advantage slip away completely.}
(19. Ba5 $16) (19. Rb1 $16) 19... Bxc6 20. Bxc6 Nd5 $132 {Suddenly, Black has
no problems of coordination at all, mainly because he has got rid of one of
the pieces competing for the d5-square.} 21. Qd3 $6 (21. Bd2 Bf6) (21. Bb2 Rb8)
(21. Ba5 $5) 21... Rb8 22. Qc4 Nxc3 23. Qxc3 Bf6 24. Rad1 g6 25. Qc4 Bg7 26. d5
$6 {But this is too much already. After opening the central files, Black will
be able to take advantage of the fact that the white king is more expsoed 
(f2-f3).} (26. Re2 {would have maintained equality, since Black does not have
enough space to put up sufficient pressure on d4.}) 26... exd5 27. Qxd5 Qf6 $15
28. Ba4 Rb2 29. Bb3 Qh4 30. Kh1 Qf2 31. f4 $5 {Rather than defending passively,
Karjakin gives up a pawn and provokes some major piece exchanges.} Qxf4 32. Rf1
Rf2 33. Qc4 Rxf1+ 34. Rxf1 Qxc4 35. Bxc4 h5 36. g3 Be5 37. Re1 Re8 38. Bb5 Rb8
39. a4 f6 40. Rd1 Kg7 41. Rd7+ Kh6 42. Kg2 {Of course, White's position is not
funny at all, but he is helped by the fact that there is no easy way to
activate the black rook.} a6 $1 {Except this one.} (42... Kg5 $6 43. Rh7 $1 {
/\h4 brings the game close to a draw.}) 43. Bxa6 Rb2+ 44. Kh1 Rc2 45. Bf1 Rxc5
46. Rd2 Rc1 47. Kg2 Ra1 48. Bb5 c5 49. Kf3 Kg5 (49... Bd4 $5) 50. Rd5 Ra3+ 51.
Ke2 h4 52. Rxc5 hxg3 53. hxg3 Kg4 54. a5 $1 Kxg3 55. a6 Ra5 56. Rd5 g5 57. Bc4
Ra4 ({If} 57... Rxd5 58. Bxd5 {, Black does not have the time to stop the
a-pawn and set his own pawn in motion at the same time:} Bb8 59. Be6 $1 $11)
58. Bb5 Ra5 59. Bc4 Ra4 60. Bb5 Ra2+ 61. Rd2 Ra5 62. Bc4 f5 {Things remain
dangerous for White, but the next move is a surprising blunder.} 63. Rd5 $4 {
We have practically the same position as in the previous line, but the f-pawn
has advanced already!} Rxd5 64. Bxd5 Bb8 $19 65. Be6 f4 66. Kd3 $5 {The last
hope.} (66. Bd5 g4 67. Kf1 f3 68. Bb7 Kf4 69. Bc6 g3 $19) 66... g4 67. Ke4 f3
68. Kf5 Ba7 $2 {Careless.} (68... Kh3 $2 69. Kg5 $11) (68... Kh4 $1 {[%cal
Gg4g3]} 69. Bd5 (69. a7 Bxa7 70. Kf4 Bb8+ 71. Ke3 Kg3 72. Bd7 f2 73. Bb5 Kg2
$19) 69... Kh3 $19) 69. Kg5 $11 f2 70. Bc4 Kf3 71. Bd5+ Ke3 72. Bg2 g3 73. Kg4
Bb8 74. a7 Bxa7 75. Kxg3 1/2-1/2